书目信息 |
| 题名: |
建筑构造
|
|
| 作者: | 苏炜 主编 | |
| 分册: | ||
| 出版信息: | 郑州 郑州大学出版社 2006.09 |
|
| 页数: | 452页 | |
| 开本: | 26cm | |
| 丛书名: | ||
| 单 册: | ||
| 中图分类: | TU22 | |
| 科图分类: | ||
| 主题词: | 建筑构造--结构设计 | |
| 电子资源: | ||
| ISBN: | 7-81106-372-7 | |
| 000 | 00646 nam 000241 | |
| 001 | 0100006605 | |
| 005 | 20091215154013.59 | |
| 010 | @a7-81106-372-7@dCNY46.00 | |
| 100 | @a19990101d2006 em y0chiy0121 ea | |
| 101 | @achi | |
| 102 | @aCN@b110000 | |
| 105 | @ay z 000yy | |
| 106 | @ar | |
| 200 | 10 | @a建筑构造@9jian zhu gou zao@f苏炜主编@Fsu wei zhu bian |
| 210 | @a郑州@c郑州大学出版社@d2006.09 | |
| 215 | @a452页@d26cm | |
| 300 | @a普通高等教育"十一五"国家级规划教材 | |
| 606 | @a建筑构造@x结构设计 | |
| 690 | @aTU22@v4 | |
| 701 | 0 | @a苏炜@9su wei@4主编 |
| 801 | @aCN@c20091215 | |
| 901 | @a000006 | |
| 905 | @b680774@dTU22@eS857@f1 | |
| 建筑构造/苏炜主编.-郑州:郑州大学出版社,2006.09 |
| 452页;26cm |
| 普通高等教育"十一五"国家级规划教材 |
| ISBN 7-81106-372-7:CNY46.00 |
| ● |
| 相关链接 |
|
|
|
正题名:建筑构造
索取号:TU22/S857
 
预约/预借
| 序号 | 登录号 | 条形码 | 馆藏地/架位号 | 状态 | 备注 |
| 1 | 680774 | 206807749 | 建筑库101/101建筑库 46排1列2层/ [索取号:TU22/S857] | 在馆 |